MARC details
| 000 -LEADER |
| fixed length control field |
01157nam a2200289 a 4500 |
| 001 - CONTROL NUMBER |
| control field |
14973844 |
| 008 - FIXED-LENGTH DATA ELEMENTS--GENERAL INFORMATION |
| fixed length control field |
181030s2007 ||||||||||||||||| || u |
| 010 ## - LIBRARY OF CONGRESS CONTROL NUMBER |
| LC control number |
2007279494 |
| 020 ## - INTERNATIONAL STANDARD BOOK NUMBER |
| International Standard Book Number |
9780521677981 |
| 020 ## - INTERNATIONAL STANDARD BOOK NUMBER |
| International Standard Book Number |
052167798X (pbk.) |
| 020 ## - INTERNATIONAL STANDARD BOOK NUMBER |
| International Standard Book Number |
9780521677981 (pbk.) |
| 020 ## - INTERNATIONAL STANDARD BOOK NUMBER |
| International Standard Book Number |
0521860814 (hbk.) |
| 050 ## - LIBRARY OF CONGRESS CALL NUMBER |
| Classification number |
BD 591 Car |
| 100 ## - MAIN ENTRY--PERSONAL NAME |
| Personal name |
Cartwright, Nancy |
| 245 10 - TITLE STATEMENT |
| Title |
Hunting causes and using them: approaches in philosophy and economics |
| Statement of responsibility, etc. |
By Nancy Cartwright |
| 260 ## - PUBLICATION, DISTRIBUTION, ETC. |
| Place of publication, distribution, etc. |
Cambridge: |
| Name of publisher, distributor, etc. |
Cambridge University Press |
| Date of publication, distribution, etc. |
2007 |
| 300 ## - PHYSICAL DESCRIPTION |
| Extent |
x, 270 p.: ill. |
| 350 ## - PRICE (NR) (BK AM CF MU VM SE) [OBSOLETE] |
| Price |
32.99 |
| 500 ## - GENERAL NOTE |
| General note |
Includes bibliographical references (p. 262-267) and index. |
| 650 #0 - SUBJECT ADDED ENTRY--TOPICAL TERM |
| Topical term or geographic name entry element |
ECONOMICS-PHILOSOPHY |
| 650 #0 - SUBJECT ADDED ENTRY--TOPICAL TERM |
| Topical term or geographic name entry element |
SCIENCE--PHILOSOPHY |
| 650 #0 - SUBJECT ADDED ENTRY--TOPICAL TERM |
| Topical term or geographic name entry element |
CAUSATION |
| 856 ## - ELECTRONIC LOCATION AND ACCESS |
| Uniform Resource Identifier |
<a href="http://www.loc.gov/catdir/enhancements/fy0729/2007279494-b.html">http://www.loc.gov/catdir/enhancements/fy0729/2007279494-b.html</a> |
| 856 ## - ELECTRONIC LOCATION AND ACCESS |
| Uniform Resource Identifier |
<a href="http://www.loc.gov/catdir/enhancements/fy0729/2007279494-d.html">http://www.loc.gov/catdir/enhancements/fy0729/2007279494-d.html</a> |
| 856 ## - ELECTRONIC LOCATION AND ACCESS |
| Uniform Resource Identifier |
<a href="http://www.loc.gov/catdir/enhancements/fy0729/2007279494-t.html">http://www.loc.gov/catdir/enhancements/fy0729/2007279494-t.html</a> |
| 995 ## - RECOMMENDATION 995 [LOCAL, UNIMARC FRANCE] |
| -- |
CBU-MAIN LIBRARY (Kitwe) |
| -- |
32.99 |
| -- |
1 |
| -- |
AVAILABLE |
| -- |
Oct 30, 2018 |
| -- |
Main Library Open Access Collection |